LEADER 01050nam0-2200301 --450 001 9910214260303321 005 20170914153312.0 010 $a978-88-6060-691-4 100 $a20170906d2015----kmuy0itay5050 ba 101 0 $aita 102 $aIT 105 $aa 001yy 200 1 $a<>Archivio della Fabbrica di San Pietro come fonte per la storia di Roma$fa cura di Gaetano Sabatini e Simona Turriziani 210 $aRoma$cPalombi$d2015 215 $a222 p.$cill.$d30 cm 610 0 $aCitta del Vaticano$aFabbrica di S. Pietro$aArchivi 610 0 $aRoma$aStoria$aFonti archivistiche 610 0 $aCittą del Vaticano$aFabbrica di San Pietro$aArchivi 676 $a027.545634$v22$zita 702 1$aSabatini,$bGaetano$f<1965- > 702 1$aTurriziani,$bSimona 801 0$aIT$bUNINA$gREICAT$2UNIMARC 901 0$aBK 912 $a9910214260303321 952 0$a027 ASV F.S.P. 1$bBibl. 2017/298$fFLFBC 959 0$aFLFBC 996 $aArchivio della Fabbrica di San Pietro come fonte per la storia di Roma$91469357 997 $aUNINA LEADER 01294nam--2200373---450- 001 990001960330203316 005 20091204132019.0 035 $a000196033 035 $aUSA01000196033 035 $a(ALEPH)000196033USA01 035 $a000196033 100 $a20040827d1970----km-y0itay0103----ba 101 $aita 102 $aIT 105 $a||||||||001yy 200 1 $a<> strategia sovietica per lo sviluppo economico, 1924-1930$ela discussione degli anni Venti nell'URSS$fa cura e con un saggio introduttivo di Nicolas Spulber$gedizione italiana a cura di Lisa Foa 210 $aTorino$cEinaudi$d1970 215 $aX, 607 p.$d22 cm 225 2 $aNuova biblioteca scientifica$v26 410 0$12001$aNuova biblioteca scientifica$v26 454 1$12001 461 1$1001-------$12001 702 1$aSPULBER,$bNicolas 702 1$aFOA,$bLisa 801 0$aIT$bsalbc$gISBD 912 $a990001960330203316 951 $aXXX.A. Coll. 34/ 16 (Coll AI 26)$b53893 L.M.$cXXX.A. Coll. 34/ 16 (Coll AI)$d00180604 959 $aBK 969 $aGIU 979 $aSIAV6$b10$c20040827$lUSA01$h1108 979 $aPATRY$b90$c20050914$lUSA01$h1317 979 $aRSIAV4$b90$c20091204$lUSA01$h1320 996 $aStrategia sovietica per lo sviluppo economico 1924-1930$9340018 997 $aUNISA LEADER 02317nam 2200565 450 001 9910479923203321 005 20170822144316.0 010 $a1-4704-0222-X 035 $a(CKB)3360000000464817 035 $a(EBL)3114489 035 $a(SSID)ssj0000888764 035 $a(PQKBManifestationID)11465736 035 $a(PQKBTitleCode)TC0000888764 035 $a(PQKBWorkID)10867685 035 $a(PQKB)10788720 035 $a(MiAaPQ)EBC3114489 035 $a(PPN)195415175 035 $a(EXLCZ)993360000000464817 100 $a19980120h19981998 uy| 0 101 0 $aeng 135 $aur|n|---||||| 181 $ctxt 182 $cc 183 $acr 200 10$aAlgebraic structure of pseudocompact groups /$fDikran Dikranjan, Dmitri Shakhmatov 210 1$aProvidence, Rhode Island :$cAmerican Mathematical Society,$d[1998] 210 4$d©1998 215 $a1 online resource (83 p.) 225 1 $aMemoirs of the American Mathematical Society,$x0065-9266 ;$vnumber 633 300 $a"May 1998, volume 133, number 633 (fourth of 5 numbers)." 311 $a0-8218-0629-7 320 $aIncludes bibliographical references (pages 76-83). 327 $a""Contents""; ""Abstract""; ""Acknowledgments""; ""Introduction""; ""1. Principal results""; ""2. Preliminaries""; ""3. Some algebraic and set-theoretic properties of pseudocompact groups""; ""4. Three technical lemmas""; ""5. Pseudocompact group topologies on V-free groups""; ""6. Pseudocompact topologies on torsion Abelian groups""; ""7. Pseudocompact connected group topologies on Abelian groups""; ""8. Pseudocompact topologizations versus compact ones""; ""9. Some diagrams and open questions""; ""10. Diagram 2""; ""11. Diagram 3""; ""Bibliography"" 410 0$aMemoirs of the American Mathematical Society ;$vno. 633. 606 $aTopological groups 606 $aCompact groups 608 $aElectronic books. 615 0$aTopological groups. 615 0$aCompact groups. 676 $a510 s 676 $a512/.5 700 $aDikranjan$b Dikran N.$f1950-$054921 702 $aShakhmatov$b Dmitri$f1961- 801 0$bMiAaPQ 801 1$bMiAaPQ 801 2$bMiAaPQ 906 $aBOOK 912 $a9910479923203321 996 $aAlgebraic structure of pseudocompact groups$92172954 997 $aUNINA